[Event "DVM U10 2014"]
[Site "Magdeburg GER"]
[Date "2014.12.27"]
[Round "1"]
[White "Schauder, Finn-Leon"]
[Black "Leßmann, Sönke"]
[Result "0-1"]
[Termination "normal"]
[Board "7.3"]
[WhiteElo "1011"]
[BlackElo "1151"]
[WhiteTeam "Braunschweiger SF"]
[BlackTeam "Rheydter Schachverein 1920"]
[PlyCount "72"]
[BlackFideId "16222520"]
[EventCountry "GER"]
[EventRounds "7"]
[EventType "team-swiss"]
[EventDate "2014.12.27"]

1. e4 e5 2. Nf3 Nc6 3. Bc4 Bc5 4. Nc3 d6 5. d3 Bg4 6. h3 Be6 7. Bb3 Nf6 8. Bg5
h6 9. Bh4 g5 10. Bg3 Qd7 11. Qd2 O-O-O 12. O-O-O Nh5 13. Bh2 Rhf8 14. g4 Ng7
15. Qe2 Qe7 16. Bg3 Rd7 17. Rd2 Rfd8 18. Rhd1 h5 19. h4 Bxg4 20. hxg5 Nd4 21.
Qf1 Nxf3 22. Re2 Nd4 23. Red2 Bxd1 24. Qxd1 Qxg5 25. Kb1 Qg4 26. Qe1 Nf3 27.
Qc1 Nxd2+ 28. Qxd2 h4 29. Bh2 Qg2 30. Qh6 Qxf2 31. a3 Qxh2 32. Qxg7 h3 33. Bxf7
Qg1+ 34. Qxg1 Bxg1 35. Be6 h2 36. Bxd7+ Rxd7 0-1

[Event "DVM U10 2014"]
[Site "Magdeburg GER"]
[Date "2014.12.27"]
[Round "1"]
[White "Kamp, Adrian"]
[Black "Müller, Richard"]
[Result "0-1"]
[Termination "normal"]
[Board "8.1"]
[WhiteElo "1413"]
[BlackElo "1187"]
[WhiteTeam "SK Münster 32"]
[BlackTeam "ESV Nickelhütte Aue"]
[PlyCount "48"]
[WhiteFideId "16222466"]
[BlackFideId "12963364"]
[EventCountry "GER"]
[EventRounds "7"]
[EventType "team-swiss"]
[EventDate "2014.12.27"]

1. e4 e5 2. d4 exd4 3. Nf3 Nf6 4. e5 Nd5 5. Qxd4 Nb6 6. Nc3 Nc6 7. Qe4 Be7 8.
Be3 d6 9. O-O-O g6 10. exd6 cxd6 11. Nb5 O-O 12. Nfd4 d5 13. Qf4 Nxd4 14. Bxd4
Bg5 15. Be3 Bxf4 16. Bxf4 Bf5 17. Bd3 Bxd3 18. Rxd3 Rc8 19. Nxa7 Rc4 20. Bh6
Re8 21. Nb5 Qd7 22. Nc3 Qf5 23. Be3 Na4 24. Rxd5 Qe6 0-1

[Event "DVM U10 2014"]
[Site "Magdeburg GER"]
[Date "2014.12.27"]
[Round "1"]
[White "Fahsel, Hannes"]
[Black "Toval, David"]
[Result "0-1"]
[Termination "normal"]
[Board "8.2"]
[WhiteElo "988"]
[BlackElo "1528"]
[WhiteTeam "ESV Nickelhütte Aue"]
[BlackTeam "SK Münster 32"]
[PlyCount "46"]
[BlackFideId "12992755"]
[EventCountry "GER"]
[EventRounds "7"]
[EventType "team-swiss"]
[EventDate "2014.12.27"]

1. e4 c5 2. Nf3 d6 3. d4 cxd4 4. Qxd4 Nc6 5. Qd1 Nf6 6. Nc3 Bg4 7. Be2 e6 8.
O-O Be7 9. Bg5 h6 10. Bh4 Rc8 11. Nb5 a6 12. Bxf6 gxf6 13. Nbd4 Rg8 14. Kh1 Qd7
15. g3 Bh3 16. Re1 Nxd4 17. Nxd4 e5 18. Nf3 f5 19. Bd3 h5 20. Qe2 h4 21. Rad1
f4 22. Bc4 Qc7 23. gxh4 Bg2+ 0-1

[Event "DVM U10 2014"]
[Site "Magdeburg GER"]
[Date "2014.12.27"]
[Round "1"]
[White "Schröder, Lennart"]
[Black "Schurig, Tom"]
[Result "1-0"]
[Termination "normal"]
[Board "8.3"]
[WhiteElo "1188"]
[BlackElo "600"]
[WhiteTeam "SK Münster 32"]
[BlackTeam "ESV Nickelhütte Aue"]
[PlyCount "61"]
[WhiteFideId "16222490"]
[EventCountry "GER"]
[EventRounds "7"]
[EventType "team-swiss"]
[EventDate "2014.12.27"]

1. d4 d5 2. c4 e6 3. Nc3 Nf6 4. Bg5 Be7 5. e3 O-O 6. Bd3 h6 7. Bf4 Nbd7 8. Nf3
c5 9. cxd5 exd5 10. dxc5 Nxc5 11. Bb1 Be6 12. O-O Bd6 13. Be5 Qc7 14. Bxf6
gxf6
15. Nb5 Qc6 16. Nfd4 Qd7 17. Qc2 Ne4 18. Nxd6 Qxd6 19. f3 Rfc8 20. Qd3 Qe5 21.
fxe4 dxe4 22. Qxe4 Qxe4 23. Bxe4 Rc7 24. Nxe6 fxe6 25. Rxf6 Re7 26. Raf1 Kg7
27. Rg6+ Kh8 28. Rxh6+ Kg8 29. Rg6+ Kh8 30. Rf3 Kh7 31. Rh3# 1-0

[Event "DVM U10 2014"]
[Site "Magdeburg GER"]
[Date "2014.12.27"]
[Round "1"]
[White "Schröter, Lucas"]
[Black "Van Lindt, Raffael"]
[Result "0-1"]
[Termination "normal"]
[Board "8.4"]
[WhiteElo "955"]
[BlackElo "1061"]
[WhiteTeam "ESV Nickelhütte Aue"]
[BlackTeam "SK Münster 32"]
[PlyCount "150"]
[BlackFideId "12998834"]
[EventCountry "GER"]
[EventRounds "7"]
[EventType "team-swiss"]
[EventDate "2014.12.27"]

1. e4 e5 2. Nf3 Nc6 3. Nc3 Nf6 4. Bb5 Bc5 5. h3 d6 6. Bc4 Be6 7. b3 Qd7 8.
Bxe6
Qxe6 9. Ng5 Qe7 10. O-O O-O-O 11. Na4 h6 12. Nxc5 hxg5 13. Nd3 Nxe4 14. Nb2
Nd4
15. d3 Nc3 16. Qg4+ f5 17. Bxg5 fxg4 18. Bxe7 Rde8 19. Bg5 Nxc2 20. Rac1 Ne2+
21. Kh2 Nxc1 22. Rxc1 Nd4 23. Be3 gxh3 24. g3 Nf3+ 25. Kh1 e4 26. d4 h2 27.
Nc4
Ref8 28. Rf1 b5 29. Nd2 Nxd2 30. Bxd2 c5 31. d5 Rf5 32. Be3 Rxd5 33. a3 c4 34.
bxc4 bxc4 35. Bxa7 Ra5 36. Bd4 Rxa3 37. Bxg7 Rh7 38. Bf8 e3 39. fxe3 Rxe3 40.
Bxd6 Re6 41. Bf4 Rc6 42. g4 c3 43. Bxh2 c2 44. Rc1 Rd7 45. Bf4 Rd1+ 46. Kg2
Rxc1 47. Bxc1 Rd6 48. Kg3 Rd1 49. Ba3 c1=Q 50. Bxc1 Rxc1 51. Kh4 Kd8 52. Kh5
Ke8 53. g5 Kf7 54. g6+ Kg7 55. Kg5 Rg1+ 56. Kf5 Rxg6 57. Ke4 Rg5 58. Kf4 Ra5
59. Ke4 Kf6 60. Kd4 Ke6 61. Kc4 Kd6 62. Kb4 Rh5 63. Kc4 Rd5 64. Kb4 Rc5 65.
Ka4
Kc6 66. Kb4 Kb6 67. Ka4 Rb5 68. Ka3 Kc5 69. Ka4 Kc4 70. Ka3 Kc3 71. Ka4 Rb8
72.
Ka3 Kc4 73. Ka2 Kc3 74. Ka1 Kc2 75. Ka2 Ra8# 0-1

[Event "DVM U10 2014"]
[Site "Magdeburg GER"]
[Date "2014.12.27"]
[Round "1"]
[White "Kruse, Kilian"]
[Black "Kazuch, Vincent"]
[Result "1/2-1/2"]
[Termination "normal"]
[Board "9.1"]
[WhiteElo "1167"]
[BlackElo "1690"]
[WhiteTeam "SC Borussia 1920 Friedrichsfelde"]
[BlackTeam "SV Empor Erfurt"]
[PlyCount "121"]
[WhiteFideId "16205413"]
[BlackFideId "12971480"]
[EventCountry "GER"]
[EventRounds "7"]
[EventType "team-swiss"]
[EventDate "2014.12.27"]

1. e4 e6 2. d4 d5 3. exd5 exd5 4. Bb5+ c6 5. Bd3 Bd6 6. c3 Ne7 7. Ne2 Bf5 8.
O-O O-O 9. Be3 Qc7 10. Ng3 Bxd3 11. Qxd3 Nd7 12. Nd2 Rfe8 13. Rfe1 Nf6 14. Bg5
Nd7 15. Bxe7 Rxe7 16. Rxe7 Bxe7 17. Nf5 Nf6 18. Nxe7+ Qxe7 19. Nf3 Re8 20. Kf1
Qc7 21. Re1 Rxe1+ 22. Kxe1 b5 23. Qf5 a5 24. Ne5 Ne4 25. f3 Nd6 26. Qd7 Qxd7
27. Nxd7 f6 28. Nb8 Kf7 29. Nxc6 Nb7 30. b4 a4 31. Ke2 Ke6 32. g4 Kd6 33. Nb8
g6 34. Na6 Nd8 35. Nc5 Ne6 36. Ke3 g5 37. Nxe6 Kxe6 38. f4 h6 39. f5+ Ke7 40.
Kf3 Kd6 41. Kg3 Ke7 42. h4 Kd6 43. Kf3 Ke7 44. Ke2 Kd6 45. Ke3 Ke7 46. hxg5
hxg5 47. Ke2 Kd6 48. Kf1 Ke7 49. Ke1 Kd6 50. Kf2 Ke7 51. Ke3 Kd6 52. Kd2 Ke7
53. Kc2 Kd6 54. Kb1 Kc6 55. Ka1 Kd6 56. Kb2 Kc6 57. Ka3 Kd6 58. Kb2 Kc6 59. Kc1
Kd6 60. Kd1 Kc6 61. Ke1 1/2-1/2

[Event "DVM U10 2014"]
[Site "Magdeburg GER"]
[Date "2014.12.27"]
[Round "1"]
[White "Schneider, Konstantin"]
[Black "Kraft, Adrian"]
[Result "1-0"]
[Termination "normal"]
[Board "9.2"]
[WhiteElo "1216"]
[BlackElo "963"]
[WhiteTeam "SV Empor Erfurt"]
[BlackTeam "SC Borussia 1920 Friedrichsfelde"]
[PlyCount "81"]
[BlackFideId "16235010"]
[EventCountry "GER"]
[EventRounds "7"]
[EventType "team-swiss"]
[EventDate "2014.12.27"]

1. e4 c5 2. Nf3 Nc6 3. d4 cxd4 4. Nxd4 Nf6 5. Nc3 e5 6. Nf3 Bc5 7. Bc4 O-O 8.
Bg5 Nd4 9. Nxe5 h6 10. Bh4 d6 11. Nf3 Nxf3+ 12. Qxf3 a6 13. Nd5 Bd4 14. Bxf6
Bxf6 15. Nxf6+ Qxf6 16. Qxf6 gxf6 17. O-O-O Rd8 18. Rd2 Be6 19. Bxe6 fxe6 20.
Rhd1 Rac8 21. Rxd6 Rxd6 22. Rxd6 Re8 23. f4 Kf7 24. Rd7+ Re7 25. Rxe7+ Kxe7 26.
Kd2 Kd6 27. Kd3 b5 28. Kd4 e5+ 29. fxe5+ fxe5+ 30. Kc3 Kc5 31. g4 b4+ 32. Kd3
a5 33. b3 Kd6 34. Kc4 Kc6 35. h4 Kd6 36. Kb5 Ke6 37. Kxa5 Kd6 38. Kxb4 Kc6 39.
g5 hxg5 40. hxg5 Kd6 41. a4 1-0

[Event "DVM U10 2014"]
[Site "Magdeburg GER"]
[Date "2014.12.27"]
[Round "1"]
[White "Thiel, Christoph"]
[Black "Rajchel, Arian"]
[Result "0-1"]
[Termination "normal"]
[Board "9.3"]
[WhiteElo "600"]
[BlackElo "1149"]
[WhiteTeam "SC Borussia 1920 Friedrichsfelde"]
[BlackTeam "SV Empor Erfurt"]
[PlyCount "44"]
[EventCountry "GER"]
[EventRounds "7"]
[EventType "team-swiss"]
[EventDate "2014.12.27"]

1. e4 e5 2. Nf3 Nc6 3. Nc3 Bc5 4. Bb5 Nge7 5. O-O d6 6. d3 a6 7. Bc4 O-O 8. Bg5
Be6 9. Bxe6 fxe6 10. Bxe7 Qxe7 11. Na4 Ba7 12. c3 b5 13. Nb6 Bxb6 14. c4 bxc4
15. dxc4 Rf7 16. Rc1 Raf8 17. c5 Bxc5 18. a3 Nd4 19. b4 Bxb4 20. axb4 Nxf3+ 21.
gxf3 Rxf3 22. Kg2 Qg5+ 0-1

[Event "DVM U10 2014"]
[Site "Magdeburg GER"]
[Date "2014.12.27"]
[Round "1"]
[White "Reuter, Elisa"]
[Black "Pervan, Milan"]
[Result "1-0"]
[Termination "normal"]
[Board "9.4"]
[WhiteElo "1085"]
[BlackElo "600"]
[WhiteTeam "SV Empor Erfurt"]
[BlackTeam "SC Borussia 1920 Friedrichsfelde"]
[PlyCount "40"]
[WhiteFideId "12995444"]
[EventCountry "GER"]
[EventRounds "7"]
[EventType "team-swiss"]
[EventDate "2014.12.27"]

1. e4 e5 2. Nf3 Nc6 3. d4 d6 4. d5 Bg4 5. dxc6 bxc6 6. Bc4 d5 7. exd5 cxd5 8.
Qxd5 Qf6 9. Qxa8+ Ke7 10. Bg5 Bxf3 11. Bxf6+ Nxf6 12. Qxf3 e4 13. Qe3 Ke8 14.
Nc3 Bb4 15. a3 Bd6 16. O-O-O Nh5 17. Qxe4+ Kd7 18. Bxf7 Nf6 19. Qe6+ Kc6 20.
Rxd6+ cxd6 1-0

[Event "DVM U10 2014"]
[Site "Magdeburg GER"]
[Date "2014.12.27"]
[Round "1"]
[White "Hoffmann, Simon"]
[Black "Sawadski, Nikolas"]
[Result "1-0"]
[Termination "normal"]
[Board "10.1"]
[WhiteElo "1344"]
[BlackElo "1175"]
[WhiteTeam "USC Magdeburg"]
[BlackTeam "Heilbronner SV"]
[PlyCount "37"]
[WhiteFideId "12979686"]
[BlackFideId "16261585"]
[EventCountry "GER"]
[EventRounds "7"]
[EventType "team-swiss"]
[EventDate "2014.12.27"]

1. e4 e5 2. Nf3 Nc6 3. Bc4 Bc5 4. d3 Nf6 5. Nc3 d6 6. h3 O-O 7. Bg5 h6 8. Bh4
Be6 9. Bb3 Na5 10. O-O c6 11. Ne2 Nxb3 12. axb3 b5 13. Qd2 d5 14. exd5 Qxd5 15.
Bxf6 gxf6 16. Qxh6 Be7 17. Ng3 Qd6 18. Nh5 Rfd8 19. Qg7# 1-0

[Event "DVM U10 2014"]
[Site "Magdeburg GER"]
[Date "2014.12.27"]
[Round "1"]
[White "Sawadski, Leonard"]
[Black "Khanbekyan, Areg"]
[Result "1/2-1/2"]
[Termination "normal"]
[Board "10.2"]
[WhiteElo "922"]
[BlackElo "1095"]
[WhiteTeam "Heilbronner SV"]
[BlackTeam "USC Magdeburg"]
[PlyCount "88"]
[WhiteFideId "16261607"]
[BlackFideId "12993727"]
[EventCountry "GER"]
[EventRounds "7"]
[EventType "team-swiss"]
[EventDate "2014.12.27"]

1. e4 c5 2. Bc4 g6 3. Nf3 d6 4. h3 Bg7 5. O-O Nc6 6. Nh2 Nf6 7. d3 O-O 8. Bg5
h6 9. Bxf6 Bxf6 10. Nc3 Bd7 11. Qd2 Bg7 12. Ng4 Bxg4 13. hxg4 e6 14. a3 Ne5 15.
Qe2 Qh4 16. f3 Nxc4 17. dxc4 Bd4+ 18. Rf2 Rad8 19. Nb5 Bxf2+ 20. Qxf2 Qxf2+ 21.
Kxf2 a6 22. Nc3 f5 23. gxf5 gxf5 24. exf5 Rxf5 25. Rh1 Kg7 26. Ne2 d5 27. Ng3
Rg5 28. f4 Rg4 29. Nh5+ Kg6 30. Kf3 Kf5 31. Ng3+ Rxg3+ 32. Kxg3 Kg6 33. Rd1 d4
34. Re1 Kf6 35. Kg4 Rg8+ 36. Kf3 h5 37. Rh1 Rh8 38. Kg3 Kf5 39. Kf3 e5 40. fxe5
Kxe5 41. Kg3 Rg8+ 42. Kf3 Rh8 43. b4 b6 44. b5 axb5 1/2-1/2

[Event "DVM U10 2014"]
[Site "Magdeburg GER"]
[Date "2014.12.27"]
[Round "1"]
[White "Hoffmann, Siegfried"]
[Black "Hagenmeyer, Felix"]
[Result "1-0"]
[Termination "normal"]
[Board "10.3"]
[WhiteElo "1231"]
[BlackElo "928"]
[WhiteTeam "USC Magdeburg"]
[BlackTeam "Heilbronner SV"]
[PlyCount "109"]
[WhiteFideId "16252268"]
[BlackFideId "34612572"]
[EventCountry "GER"]
[EventRounds "7"]
[EventType "team-swiss"]
[EventDate "2014.12.27"]

1. e4 e5 2. Nf3 d6 3. h3 Nf6 4. Nc3 g6 5. Bc4 Bg7 6. d3 O-O 7. Bg5 c6 8. O-O h6
9. Bh4 Nbd7 10. d4 exd4 11. Qxd4 b5 12. Be2 g5 13. Bg3 Ne8 14. Qd2 b4 15. Na4
Qc7 16. Qxb4 c5 17. Qd2 Bb7 18. Nc3 Bxc3 19. Qxc3 Bxe4 20. Rfd1 d5 21. Bxc7 d4
22. Qc4 Nxc7 23. Bd3 Bxf3 24. gxf3 Ne5 25. Qxc5 Nxf3+ 26. Kg2 Ne6 27. Qd5 Nf4+
28. Kxf3 Nxd5 29. Be4 Rad8 30. Rxd4 Ne7 31. Ra4 Rd7 32. Ra6 Rb8 33. b3 f5 34.
Bd3 h5 35. Rh6 g4+ 36. hxg4 hxg4+ 37. Kf4 Rd4+ 38. Kg3 Kg7 39. Ra6 Rb7 40. f3
gxf3 41. Kxf3 Ng6 42. Rg1 Kf7 43. Rgxg6 Rdb4 44. Raf6+ Ke7 45. Rxf5 Rd7 46. Ra5
Rbb7 47. Re5+ Kd8 48. Ke4 Rf7 49. c4 Rg7 50. Rd6+ Kc7 51. c5 Rb4+ 52. Kd5 Rf4
53. Rc6+ Kb7 54. Ba6+ Kb8 55. Re8# 1-0

[Event "DVM U10 2014"]
[Site "Magdeburg GER"]
[Date "2014.12.27"]
[Round "1"]
[White "Hagenmeyer, Jannis"]
[Black "Pikalow, Michael"]
[Result "0-1"]
[Termination "normal"]
[Board "10.4"]
[WhiteElo "780"]
[BlackElo "970"]
[WhiteTeam "Heilbronner SV"]
[BlackTeam "USC Magdeburg"]
[PlyCount "96"]
[WhiteFideId "34612580"]
[BlackFideId "16227638"]
[EventCountry "GER"]
[EventRounds "7"]
[EventType "team-swiss"]
[EventDate "2014.12.27"]

1. e4 e5 2. Bc4 Nc6 3. Nf3 d6 4. Nc3 Bg4 5. d3 Nd4 6. O-O Bxf3 7. Qd2 Bxg2 8.
Kxg2 Nf6 9. Kh1 Qd7 10. Rg1 Nf3 11. Rg2 Nxd2 12. Bxd2 Be7 13. Re1 b5 14. Bxb5
c6 15. Bc4 d5 16. exd5 cxd5 17. Bb5 Qxb5 18. Nxb5 Bc5 19. Nc7+ Ke7 20. Nxa8
Rxa8 21. Rxe5+ Kd6 22. Reg5 g6 23. R5g3 Bd4 24. b3 Ke6 25. Bf4 Bc3 26. Re3+ Kf5
27. Bg5 Ng4 28. f3 Nxe3 29. Bxe3 d4 30. Bd2 Rc8 31. Bxc3 Rxc3 32. b4 Ra3 33. c4
dxc3 34. Rc2 Kf4 35. Kg2 Ke3 36. d4 Kxd4 37. Kg3 Kd3 38. Rg2 c2 39. Rg1 Rxa2
40. Kf2 c1=Q+ 41. Kg3 Qxg1+ 42. Kf4 Ra4 43. Ke5 Rxb4 44. Kf6 Rb5 45. Kxf7 Rb6
46. Kg7 Qxh2 47. Kf7 Qc7+ 48. Kg8 Rb8# 0-1

[Event "DVM U10 2014"]
[Site "Magdeburg GER"]
[Date "2014.12.27"]
[Round "1"]
[White "Shevchenko, Alyona"]
[Black "Krause, Marc"]
[Result "0-1"]
[Termination "normal"]
[Board "11.1"]
[WhiteElo "1019"]
[BlackElo "1313"]
[WhiteTeam "Karlsruher SF 1853"]
[BlackTeam "SC Empor Potsdam 1952"]
[PlyCount "60"]
[WhiteFideId "12983420"]
[BlackFideId "12985724"]
[EventCountry "GER"]
[EventRounds "7"]
[EventType "team-swiss"]
[EventDate "2014.12.27"]

1. e4 c5 2. c3 d6 3. d4 cxd4 4. cxd4 Nc6 5. Nf3 g6 6. Qa4 Bd7 7. Qc4 Bg7 8. Ng5
Nh6 9. Be3 O-O 10. Qd3 Rc8 11. Qd2 Ng4 12. Nf3 Nxe3 13. Qxe3 Qb6 14. b3 Nxd4
15. Bd3 Nxf3+ 16. Qxf3 Rc1+ 17. Ke2 Rxh1 18. g3 Rxh2 19. Nc3 Bxc3 20. Rc1 Bd4
21. Rf1 Bb5 22. Bxb5 Qxb5+ 23. Qd3 Qxd3+ 24. Kxd3 Bxf2 25. Rc1 Bb6 26. Re1 Rc8
27. e5 dxe5 28. Rxe5 e6 29. a4 Rd8+ 30. Ke4 Re2+ 0-1

[Event "DVM U10 2014"]
[Site "Magdeburg GER"]
[Date "2014.12.27"]
[Round "1"]
[White "Gericke, Luis"]
[Black "Kiefhaber, Julius"]
[Result "1-0"]
[Termination "normal"]
[Board "11.2"]
[WhiteElo "1361"]
[BlackElo "930"]
[WhiteTeam "SC Empor Potsdam 1952"]
[BlackTeam "Karlsruher SF 1853"]
[PlyCount "73"]
[WhiteFideId "16212525"]
[BlackFideId "16245121"]
[EventCountry "GER"]
[EventRounds "7"]
[EventType "team-swiss"]
[EventDate "2014.12.27"]

1. e4 c5 2. Nf3 g6 3. d4 cxd4 4. Nxd4 Bg7 5. Nc3 Nf6 6. Be2 O-O 7. Be3 d5 8.
exd5 Nxd5 9. Nxd5 Qxd5 10. Bf3 Qd7 11. O-O Rd8 12. c3 e5 13. Nb3 Nc6 14. Qxd7
Bxd7 15. Nc5 Rab8 16. Nxd7 Rxd7 17. Rad1 Rbd8 18. Rxd7 Rxd7 19. Rd1 Rd8 20.
Rxd8+ Nxd8 21. Bxa7 b5 22. Be2 Nc6 23. Bc5 b4 24. Bxb4 Bh6 25. a4 e4 26. a5
Nxb4 27. cxb4 Bg7 28. b5 Bd4 29. b6 e3 30. f3 Kf8 31. b4 Ke8 32. b5 Kd7 33. Kf1
f5 34. Bc4 g5 35. Bd5 Kd6 36. Bc6 h5 37. b7 1-0

[Event "DVM U10 2014"]
[Site "Magdeburg GER"]
[Date "2014.12.27"]
[Round "1"]
[White "Holubek, Oliver"]
[Black "Knape, Albert"]
[Result "0-1"]
[Termination "normal"]
[Board "11.3"]
[WhiteElo "989"]
[BlackElo "1072"]
[WhiteTeam "Karlsruher SF 1853"]
[BlackTeam "SC Empor Potsdam 1952"]
[PlyCount "74"]
[BlackFideId "16208919"]
[EventCountry "GER"]
[EventRounds "7"]
[EventType "team-swiss"]
[EventDate "2014.12.27"]

1. e4 e5 2. Nf3 Nc6 3. Bc4 Nf6 4. Ng5 d5 5. exd5 Nxd5 6. Nxf7 Kxf7 7. Qf3+ Ke6
8. Nc3 Ncb4 9. O-O c6 10. Re1 Qf6 11. Qd1 Bd6 12. a3 Na6 13. d4 Nac7 14. dxe5
Bxe5 15. f4 Qh4 16. fxe5 Qxc4 17. Nxd5 Nxd5 18. b3 Qh4 19. Qe2 Qd4+ 20. Kh1
Qxa1 21. Be3 Qxe5 22. Qg4+ Kf7 23. Rf1+ Kg8 24. Qf3 Be6 25. Bc5 Nf6 26. Qf2 Kf7
27. Bxa7 Rhd8 28. Be3 Rxa3 29. Bc5 Ra2 30. Bb6 Rda8 31. Bd4 Qf5 32. Qe2 Qxc2
33. Qh5+ Qg6 34. Qf3 Bd5 35. Qh3 Bxg2+ 36. Kg1 Bxh3+ 37. Kh1 Qg2# 0-1

[Event "DVM U10 2014"]
[Site "Magdeburg GER"]
[Date "2014.12.27"]
[Round "1"]
[White "Soumbatova, Maria"]
[Black "Kiefhaber, Marlene"]
[Result "1-0"]
[Termination "normal"]
[Board "11.4"]
[WhiteElo "871"]
[BlackElo "865"]
[WhiteTeam "SC Empor Potsdam 1952"]
[BlackTeam "Karlsruher SF 1853"]
[PlyCount "55"]
[EventCountry "GER"]
[EventRounds "7"]
[EventType "team-swiss"]
[EventDate "2014.12.27"]

1. e4 e5 2. Nf3 Nc6 3. Bc4 Nf6 4. Nc3 Bb4 5. a3 Ba5 6. b4 Bb6 7. O-O O-O 8. d3
d6 9. h3 Be6 10. Bg5 Bxc4 11. dxc4 Re8 12. Nd5 Re6 13. b5 Ne7 14. Re1 Nexd5 15.
cxd5 Re8 16. a4 Bd4 17. Nxd4 exd4 18. Qxd4 Re5 19. f4 Re8 20. e5 Qd7 21. exf6
Rxe1+ 22. Rxe1 gxf6 23. Qxf6 Re8 24. Kf1 Rxe1+ 25. Kxe1 Qe8+ 26. Kf1 Qf8 27.
Bh6 Qg7 28. Qxg7# 1-0

[Event "DVM U10 2014"]
[Site "Magdeburg GER"]
[Date "2014.12.27"]
[Round "1"]
[White "Grund, Sebastian"]
[Black "Högner, Tom"]
[Result "1-0"]
[Termination "normal"]
[Board "12.1"]
[WhiteElo "1810"]
[BlackElo "1072"]
[WhiteTeam "MTV 1876 Saalfeld"]
[BlackTeam "SC Erlangen 48/88"]
[PlyCount "69"]
[WhiteFideId "12988626"]
[BlackFideId "12995436"]
[EventCountry "GER"]
[EventRounds "7"]
[EventType "team-swiss"]
[EventDate "2014.12.27"]

1. Nf3 Nc6 2. g3 d5 3. d4 Nf6 4. Bg2 Bf5 5. O-O Nb4 6. Na3 e6 7. c3 Nc6 8. Nc2
Bd6 9. Re1 Qe7 10. Ne3 Be4 11. b4 e5 12. a3 exd4 13. cxd4 Bxf3 14. exf3 O-O 15.
Nxd5 Qd8 16. Bg5 Be7 17. Nxe7+ Nxe7 18. Bxf6 gxf6 19. Ra2 Nf5 20. Rd2 Re8 21.
f4 c6 22. d5 Rxe1+ 23. Qxe1 cxd5 24. Rxd5 Qc8 25. Bh3 Qe6 26. Qd2 Re8 27. Bxf5
Qe1+ 28. Qxe1 Rxe1+ 29. Kg2 Ra1 30. Rd3 Kf8 31. Bxh7 Ke7 32. Bf5 b6 33. h4 Kf8
34. h5 Kg8 35. h6 1-0

[Event "DVM U10 2014"]
[Site "Magdeburg GER"]
[Date "2014.12.27"]
[Round "1"]
[White "Lorenz, Keana"]
[Black "Hetzner, Michael"]
[Result "0-1"]
[Termination "normal"]
[Board "12.3"]
[WhiteElo "1089"]
[BlackElo "905"]
[WhiteTeam "MTV 1876 Saalfeld"]
[BlackTeam "SC Erlangen 48/88"]
[PlyCount "30"]
[WhiteFideId "12990248"]
[EventCountry "GER"]
[EventRounds "7"]
[EventType "team-swiss"]
[EventDate "2014.12.27"]

1. e4 e6 2. d4 d5 3. Nc3 Bb4 4. Bd2 Nc6 5. Nf3 Nf6 6. Bd3 Bxc3 7. Bxc3 dxe4 8.
Be2 exf3 9. Bxf3 O-O 10. O-O Qd6 11. Qd2 Re8 12. Rae1 b6 13. d5 Ba6 14. Be2 Ng4
15. Bxa6 Qxh2# 0-1

[Event "DVM U10 2014"]
[Site "Magdeburg GER"]
[Date "2014.12.27"]
[Round "1"]
[White "Grüninger, Nils"]
[Black "Lorenz, Anouk"]
[Result "1-0"]
[Termination "normal"]
[Board "12.4"]
[WhiteElo "848"]
[BlackElo "865"]
[WhiteTeam "SC Erlangen 48/88"]
[BlackTeam "MTV 1876 Saalfeld"]
[PlyCount "61"]
[WhiteFideId "12942995"]
[BlackFideId "12990256"]
[EventCountry "GER"]
[EventRounds "7"]
[EventType "team-swiss"]
[EventDate "2014.12.27"]

1. e4 e5 2. Nf3 Nc6 3. Nc3 Bc5 4. Bc4 Nf6 5. O-O d6 6. d3 Be6 7. Bxe6 fxe6 8.
Bg5 h6 9. Bxf6 gxf6 10. Nh4 Rg8 11. Qh5+ Kd7 12. Qf7+ Kc8 13. Qxe6+ Kb8 14. Nd5
Qf8 15. Nxf6 Rg7 16. Nd7+ Rxd7 17. Qxd7 a6 18. Rab1 Ka7 19. Qxc7 Qf6 20. b4
Nxb4 21. a3 Bb6 22. Qd7 Qxh4 23. Rxb4 Qg5 24. a4 Rg8 25. g3 Rb8 26. a5 Bxa5 27.
Rb3 h5 28. Rfb1 Bb6 29. Rxb6 Qd8 30. Rxb7+ Rxb7 31. Qxb7# 1-0

[Event "DVM U10 2014"]
[Site "Magdeburg GER"]
[Date "2014.12.27"]
[Round "1"]
[White "Karl, Simon"]
[Black "Diderle, Konstantin"]
[Result "1-0"]
[Termination "normal"]
[Board "13.1"]
[WhiteElo "1191"]
[BlackElo "1486"]
[WhiteTeam "SK Langen"]
[BlackTeam "Peiner SV"]
[PlyCount "83"]
[WhiteFideId "16217985"]
[BlackFideId "12965197"]
[EventCountry "GER"]
[EventRounds "7"]
[EventType "team-swiss"]
[EventDate "2014.12.27"]

1. d4 Nf6 2. c4 d6 3. Nc3 g6 4. Bf4 Bg7 5. e3 O-O 6. Nf3 Re8 7. Qb3 Nbd7 8. Bg5
e5 9. Be2 e4 10. Nd2 b6 11. O-O Bb7 12. Bg4 Qe7 13. d5 Nc5 14. Qc2 h6 15. Bxf6
Bxf6 16. Be2 Bxc3 17. Qxc3 Qe5 18. Qxe5 Rxe5 19. b4 Nd7 20. Rfb1 Rae8 21. a4
Nf6 22. a5 bxa5 23. bxa5 Ba6 24. Nb3 Nxd5 25. Re1 Rb8 26. Nd4 Ne7 27. Rec1 c5
28. Nb5 Nc8 29. Rcb1 d5 30. cxd5 Bxb5 31. Rxb5 Rxb5 32. Bxb5 Nd6 33. Bc6 Nc8
34. Rc1 Ne7 35. Bb7 Nf5 36. Rxc5 Nd6 37. Bc6 Kf8 38. Rc3 g5 39. Rb3 Ke7 40. Rb8
Nc4 41. Rb7+ Kf6 42. Rxa7 1-0

[Event "DVM U10 2014"]
[Site "Magdeburg GER"]
[Date "2014.12.27"]
[Round "1"]
[White "Miszori, Yannick"]
[Black "Riegel, Simon"]
[Result "1-0"]
[Termination "normal"]
[Board "13.2"]
[WhiteElo "1219"]
[BlackElo "952"]
[WhiteTeam "Peiner SV"]
[BlackTeam "SK Langen"]
[PlyCount "85"]
[WhiteFideId "16214560"]
[BlackFideId "34628410"]
[EventCountry "GER"]
[EventRounds "7"]
[EventType "team-swiss"]
[EventDate "2014.12.27"]

1. Nf3 d5 2. c4 dxc4 3. Nc3 Nc6 4. e3 Be6 5. Ng5 Qd7 6. Qa4 a5 7. Bxc4 Bxc4 8.
Qxc4 Ne5 9. Qb5 Nd3+ 10. Ke2 Qxb5 11. Nxb5 Kd7 12. Nxf7 Nh6 13. Nxh8 c6 14.
Kxd3 cxb5 15. b3 g6 16. Bb2 Nf5 17. Nf7 a4 18. b4 e6 19. Ne5+ Ke8 20. e4 Rd8+
21. Ke2 Nd4+ 22. Bxd4 Rxd4 23. a3 Rxe4+ 24. Kf3 Rxe5 25. Rae1 Rxe1 26. Rxe1 Kf7
27. Re5 Bh6 28. Ke2 Bg7 29. Rxb5 Bb2 30. Rxb7+ Kg8 31. Ra7 Bxa3 32. b5 Bc5 33.
Ra6 a3 34. b6 a2 35. b7 Bd6 36. Rxa2 Kf8 37. Ra6 Bb8 38. Ra8 Ke7 39. Rxb8 Kd7
40. Rc8 Ke7 41. b8=Q Kf6 42. Qf4+ Kg7 43. Qf8# 1-0